000 00280nam a2200121Ia 4500
008 190216s9999||||xx |||||||||||||| ||und||
100 _aTrilochan Pradhan
245 0 _aQuantum Mechanics
260 _bUniversities Press
_c2009
300 _a240
650 _aPhysics
942 _cBK
999 _c34275
_d34275